Music Quiz

Random Music Quiz

Guess the Britney lyrics! Quiz Stats

 Plays Quiz not verified by Sporcle

Score 0/177 Timer 10:00
0 Plays Today
% Correct
I
97.5%
I
97.5%
I
97.5%
I
97.5%
I
97.5%
I
97.5%
I
97.5%
I
97.5%
I
97.5%
I
97.5%
I
97.5%
the
96.9%
you
94.5%
You
94.5%
You
94.5%
Oh
91.7%
me
90.2%
me
90.2%
me
90.2%
me
90.2%
me
90.2%
to
85.3%
it
82.5%
it
82.5%
baby
81.9%
baby
81.9%
baby
81.9%
it's
81.9%
on
81%
on
81%
on
81%
on
81%
my
80.4%
my
80.4%
My
80.4%
no
80.4%
my
80.4%
My
80.4%
no
80.4%
my
80.4%
my
80.4%
my
80.4%
my
80.4%
no
80.4%
my
80.4%
My
80.4%
no
80.4%
can
79.8%
do
78.2%
be
78.2%
your
77.6%
I'm
76.7%
I'm
76.7%
I'm
76.7%
I'm
76.7%
I'm
76.7%
I'm
76.7%
I'm
76.7%
not
76.1%
% Correct
not
76.1%
that
74.8%
that
74.8%
that
74.8%
go
73%
go
73%
go
73%
go
73%
go
73%
But
69.3%
but
69.3%
but
69.3%
but
69.3%
but
69.3%
but
69.3%
now
67.8%
now
67.8%
now
67.8%
Now
67.8%
now
67.8%
now
67.8%
more
67.5%
more
67.5%
more
67.5%
more
67.5%
it's
66.9%
it's
66.9%
it's
66.9%
than
66.3%
Than
66.3%
you're
66.3%
than
66.3%
than
66.3%
than
66.3%
can't
65.6%
or
65%
nothing
64.7%
own
64.7%
nothing
64.7%
own
64.7%
own
64.7%
nothing
64.7%
nothing
64.7%
think
64.1%
think
64.1%
just
63.8%
don't
63.8%
don't
63.8%
way
63.2%
ever
63.2%
way
63.2%
way
63.2%
way
63.2%
say
62.9%
make
62%
could
62%
There's
61.3%
need
61%
need
61%
% Correct
I've
60.7%
had
60.4%
stronger
60.4%
yesterday
60.4%
stronger
60.4%
stronger
60.4%
yesterday
60.4%
stronger
60.4%
Stronger
60.4%
yesterday
60.4%
stronger
60.4%
Stronger
60.4%
yesterday
60.4%
stronger
60.4%
with
59.8%
from
59.5%
killing
59.5%
killing
59.5%
killing
59.5%
killing
59.5%
won't
59.2%
as
58%
Cause
58%
ain't
57.4%
ain't
57.4%
ain't
57.4%
ain't
57.4%
loneliness
57.1%
loneliness
57.1%
loneliness
57.1%
loneliness
57.1%
might
56.4%
Here
55.8%
Here
55.8%
Here
55.8%
Here
55.8%
thought
55.5%
stop
54.6%
enough
54.6%
wrong
51.8%
take
51.2%
property
50.3%
today
50.3%
Hush
49.7%
flow
49.7%
used
48.5%
yeah
47.5%
nobody
46.9%
nobody
46.9%
off
46.3%
anybody
46%
bout
44.5%
Didn't
43.6%
alone
42.6%
Come
41.4%
better
41.4%
really
40.2%
care
39%
alright
30.7%

You're not logged in!

Compare scores with friends on all Sporcle quizzes.
OR
Log In

Show Comments

Extras

Created Nov 9, 2010ReportNominate
Tags:britney

Top Quizzes Today


Score Distribution

Your Account Isn't Verified!

In order to create a playlist on Sporcle, you need to verify the email address you used during registration. Go to your Sporcle Settings to finish the process.

Report this User

Report this user for behavior that violates our Community Guidelines.

Details: